Science Quiz

Random Science or Animal Quiz

10 to 1: Animals II Quiz Stats

 Plays Quiz Updated Jun 26, 2017

Support Sporcle.
Go Orange.
Score 0/55 Timer 04:00
4 Plays Today
% Correct
Cod
93.5%
Salmon
93.4%
Ant
92.3%
Trout
91.9%
Bee
91.8%
Beetle
91.7%
Tyrannosaurus
91.5%
Triceratops
91.1%
Apatosaurus
91.1%
Allosaurus
90.9%
Velociraptor
90.8%
Stegosaurus
90.8%
Flea
90.8%
Mackerel
89.7%
Cricket
88.9%
Cockroach
88.5%
Cheetah
87.7%
Mosquito
87.3%
Butterfly
86.6%
Lion
86.2%
Coyote
86%
Wolf
85.8%
Lobster
85.7%
Tiger
85.6%
Crab
85.5%
Jaguar
85.2%
Grasshopper
84.7%
Shrimp
84.6%
% Correct
Dingo
84.5%
Lynx
84%
Haddock
83.9%
Sturgeon
83.8%
Pike
82.7%
Fox
81%
Aardonyx
79.6%
Eel
78.8%
Mahi-mahi
77.9%
Barnacle
77.9%
Krill
74.8%
Giraffe
74.2%
Moose
73.8%
Ocelot
73.3%
Camel
73.3%
Bison
72.6%
Shark
71.7%
Sheep
69.4%
Elk
68.2%
Zebra
67.7%
Beluga Whale
64.2%
Dolphin
60.5%
Pig
58.9%
Orca
57.8%
Echidna
50.1%
Platypus
49.3%
Rabbit
34.1%

You're not logged in!

Compare scores with friends on all Sporcle quizzes.
OR
Log In
Forgot?

From the Vault

'Pan-' Vocabulary

by jar514

This quiz is Pan-tastic!
Remove Ads.
Support Sporcle.
Get the best of Sporcle when you Go Orange. This ad-free experience offers more features, more stats, and more fun while also helping to support Sporcle. Thank you for becoming a member.

Show Comments

Extras

Top Quizzes Today


Score Distribution

Your Account Isn't Verified!

In order to create a playlist on Sporcle, you need to verify the email address you used during registration. Go to your Sporcle Settings to finish the process.

Report this User

Report this user for behavior that violates our Community Guidelines.

Details: